| 000 | 00606nam a2200169Ia 4500 | ||
|---|---|---|---|
| 003 | GCL | ||
| 008 | 140319s9999 xx 000 0 ara d | ||
| 040 |
_aGCL / _cGCL |
||
| 082 | 0 | 4 |
_aد _b050 _bش ز |
| 100 | 1 | _aمحمد رشيد رضا | |
| 245 | 1 | 0 |
_aالزهور ( 66 ابريل 2006 ) : الا رسول الله / _cمحمد رشيد رضا |
| 260 |
_aقبرص : _bشركة النيل للاعلام والنشر المحدودة ، _c0 |
||
| 300 |
_a1134 ص ؛ _c23 سم |
||
| 650 | 0 | 4 | _aالرسول محمد صلى الله عليه وسلم |
| 650 | 0 | 4 | _aطهى الخضروات |
| 942 |
_2ddc _cCR |
||
| 999 |
_c32577 _d32577 |
||